Psychology for Nurses (Record no. 158276)

MARC details
000 -LEADER
fixed length control field 00366nam a2200145Ia 4500
008 - FIXED-LENGTH DATA ELEMENTS--GENERAL INFORMATION
fixed length control field 230411s9999 xx 000 0 und d
020 ## - INTERNATIONAL STANDARD BOOK NUMBER
International Standard Book Number 978-93-5270-154-4
041 ## - LANGUAGE CODE
Language code of text/sound track or separate title eng
082 ## - DEWEY DECIMAL CLASSIFICATION NUMBER
Classification number PY/150/SRE/B08697
100 ## - MAIN ENTRY--PERSONAL NAME
Personal name Sreevani R
245 ## - TITLE STATEMENT
Title Psychology for Nurses
260 ## - PUBLICATION, DISTRIBUTION, ETC. (IMPRINT)
Name of publisher, distributor, etc. Jaypee Brothers
Place of publication, distribution, etc. New Delhi
Date of publication, distribution, etc. 2018
300 ## - PHYSICAL DESCRIPTION
Extent 254p
Holdings
Withdrawn status Lost status Damaged status Not for loan Collection code Home library Current library Date acquired Vendor Cost, normal purchase price Bill number Full call number Barcode Date last seen Cost, replacement price Bill Date Koha item type Original Barcode Total Checkouts Date last checked out Total Renewals Checked out
      Reference   Smt. Bakul Tambat Institute of Nursing Education Smt. Bakul Tambat Institute of Nursing Education 31/01/2018 Samutkarsh 395.00 1537 PY 150 SRE B08697 BTIN-BK-8697 11/04/2023 292.30 08/01/2018 Books B08697        
          Smt. Bakul Tambat Institute of Nursing Education Smt. Bakul Tambat Institute of Nursing Education 31/01/2018 Samutkarsh 395.00 1537 PY 150 SRE B08698 BTIN-BK-8698 11/09/2025 292.30 08/01/2018 Books B08698 2 09/09/2025    
          Smt. Bakul Tambat Institute of Nursing Education Smt. Bakul Tambat Institute of Nursing Education 31/01/2018 Samutkarsh 395.00 1537 PY 150 SRE B08699 BTIN-BK-8699 17/06/2025 292.30 08/01/2018 Books B08699 7 05/06/2025 1  
          Smt. Bakul Tambat Institute of Nursing Education Smt. Bakul Tambat Institute of Nursing Education 31/01/2018 Samutkarsh 395.00 1537 PY 150 SRE B08700 BTIN-BK-8700 11/06/2025 292.30 08/01/2018 Books B08700 8 04/06/2025    
          Smt. Bakul Tambat Institute of Nursing Education Smt. Bakul Tambat Institute of Nursing Education 31/01/2018 Samutkarsh 395.00 1537 PY 150 SRE B08701 BTIN-BK-8701 09/06/2025 292.30 08/01/2018 Books B08701 10 09/05/2025 3  
          Smt. Bakul Tambat Institute of Nursing Education Smt. Bakul Tambat Institute of Nursing Education 14/11/2019 Patil Medical Book House 450.00 1537 PY 150 SRE B09169 BTIN-BK-9169 27/03/2026 292.50 08/01/2018 Books B09169 26 27/03/2026 10 07/04/2026
          Smt. Bakul Tambat Institute of Nursing Education Smt. Bakul Tambat Institute of Nursing Education 14/11/2019 Patil Medical Book House 450.00 1537 PY 150 SRE B09170 BTIN-BK-9170 27/03/2026 292.50 08/01/2018 Books B09170 37 27/03/2026 16 07/04/2026
          Smt. Bakul Tambat Institute of Nursing Education Smt. Bakul Tambat Institute of Nursing Education 14/11/2019 Patil Medical Book House 450.00 1537 PY 150 SRE B09171 BTIN-BK-9171 18/03/2026 292.50 08/01/2018 Books B09171 30 18/03/2026 18 07/04/2026
          Smt. Bakul Tambat Institute of Nursing Education Smt. Bakul Tambat Institute of Nursing Education 14/11/2019 Patil Medical Book House 450.00 1537 PY 150 SRE B09172 BTIN-BK-9172 18/03/2026 292.50 08/01/2018 Books B09172 22 13/03/2026 10  
          Smt. Bakul Tambat Institute of Nursing Education Smt. Bakul Tambat Institute of Nursing Education 14/11/2019 Patil Medical Book House 450.00 1537 PY 150 SRE B09173 BTIN-BK-9173 23/03/2026 292.50 08/01/2018 Books B09173 23 23/03/2026 17 07/04/2026